000 00771nam a2200253 4500
001 45350
010 _a9789895553112
021 _b408734/16
090 _a45350
100 _a20161130d2016 c y0pory50030103ba
101 0 _apor
102 _aPT
200 1 _aA menina que sorria a dormir
_fIsabel Zambujal
_gil. Helena Nogueira
205 _a10.ยช ed.
210 9 _aAlfragide
_cOficina do Livro,
_d2016
215 _a43, [2] p.
_cil.
_d25 cm
675 _a087.5
_vBN
_zpor
675 _a821.134.3-93"20"
_vBN
_zpor
675 _a821.134.3-34"20"
_vBN
_zpor
700 1 _aZambujal,
_bIsabel,
_f1965-
702 1 _92
_aNogueira,
_bHelena
_4440
801 0 _aPT
_bBN
_gRPC
856 4 1 _uhttp://rnod.bnportugal.gov.pt/ImagesBN/winlibimg.aspx?skey=&doc=1949826&img=85666&save=true
990 _cLIVROS